Score 0/19 Timer 01:30
0 Plays Today
Hint Answer % Correct
What NBA team did Kobe Bryant play for?LA Lakers
79.3%
What is the capital of Thailand?Bangkok
67%
Who will sing the theme song for the upcoming James Bond movie?Billie Eilish
55.6%
What is the name of the rat in Teenage Mutant Ninja Turtles?Splinter
54.9%
What country is Zlatan Ibrahimovic from?Sweden
51.5%
Barry Keoghan got his break as a cat-killer in what TV show?Love Hate
46.4%
In what year did production of Father Ted cease?1998
41%
What political party did Maria Bailey leave in 2019?Fine Gael
28.2%
Who headed Ireland's 7-way General Election debate on Monday?Claire Byrne
26.9%
Who acted as the lead male in High School Musical?Zac Efron
26.7%
Hint Answer % Correct
Who is the leader of the Green Party?Eamon Ryan
26.4%
What is the name of the main protagonist from the original Pokemon series?Ash Ketchum
24.5%
Inishfree can be found off the coast of which Irish county?Donegal
13.1%
What is the name of Conor McGregor's most recent opponent? Donald Cerrone
9.8%
Where do Bohemians play their home games?Dalymount Park
8.6%
Who won the 2020 WWE Royal Rumble?Drew McIntyre
8.2%
What Sally Rooney novel is being adapted for TV by the BBC?Normal People
8%
What age is Pat Kenny?71
6.7%
Rapper Roddy Rich beat out Eminem to top the Billboard chart with what song?The Box
4.8%
Remove Ads.
Support Sporcle.
Get the best of Sporcle when you Go Orange. This ad-free experience offers more features, more stats, and more fun while also helping to support Sporcle. Thank you for becoming a member.

You're not logged in!

Compare scores with friends on all Sporcle quizzes.
OR
Log In

Show Comments

Extras

Created Jan 28, 2020ReportNominate
Tags:full, mark, Week

Top Quizzes Today


Score Distribution

Your Account Isn't Verified!

In order to create a playlist on Sporcle, you need to verify the email address you used during registration. Go to your Sporcle Settings to finish the process.

Report this User

Report this user for behavior that violates our Community Guidelines.

Details: